000 00685nam a2200205 a 4500
001 000010931
005 20240412074221.0
008 091013s1993 dr r 000 p spa d
040 _aDO-SdBNP
_bspa
_cBNPHU
082 _aRD861.44
_bP745p
245 0 0 _aPoesía y prosa en honor de Ercilia Pepín /
_cintroducción Diógenes Valdez.
260 _aSanto Domingo :
_bFeria Nacional del Libro,
_c1993.
300 _a52 p. ;
_c21 cm.
590 _aInventariado, 2018/BT
600 1 0 _aPepín, Ercilia,
_d1886-1939
_96456
650 0 _aPoesía dominicana
_966
650 0 _aLiteratura dominicana.
_967
700 1 _aValdez, Diógenes
_922958
910 _aValidado. Control de calidad. MMOLINA
999 _c10669
_d10669